00627nam a22001697a 450000500170000001000150001702000260003203500140005803700130007208200130008510000170009824501180011526000680023327000800030130000260038150000500040720230417152555.0 aENG-119601 c495.00a9788175342064 aEN-103133 bDBAD/PUB a345.4009 aJois,M. Rama aLegal and constitutional history of India :cby M. Rama Joisbancient legal, Judicial and constitutional system / aGurgaonbUniversal Law Publishinan imprint of Lexis Nexisc2016 a14th floor,Building No-10, Tower-B,DLF Cyber City Phase-11bGurgaone122002 aviii,723p.c25cm(pbk) aIncludes bibliographical references and index